|
|
|
|
| LEADER |
00859nam a2200205 a 4500 |
| 001 |
3070763 |
| 008 |
090823s1997 njua b 001 0 eng d |
| 020 |
|
|
|a 9810227043
|
| 040 |
|
|
|a DLC
|c DLC
|
| 082 |
0 |
0 |
|a 515
|2 21
|
| 100 |
1 |
|
|a Zaidman, Samuel,
|d 1933-
|
| 245 |
1 |
0 |
|a Advanced calculus :
|b an introduction to mathematical analysis /
|c S. Zaidman.
|
| 260 |
|
|
|a River Edge, NJ ;
|a Singapur :
|b World Scientific,
|c c1997.
|
| 300 |
|
|
|a vii, 171 p. :
|b ill. ;
|c 23 cm.
|
| 504 |
|
|
|a Includes bibliographical references (p. 171) and indexes.
|
| 541 |
1 |
|
|e 00014624
|
| 650 |
|
0 |
|a Mathematical analysis.
|
| 852 |
4 |
|
|a Ayesha Abed Library
|j General shelf
|
| 999 |
|
|
|c 3365
|d 3365
|
| 952 |
|
|
|0 0
|1 0
|2 ddc
|4 0
|6 515_ZAI_199700000000000
|7 0
|9 3056
|a BRACUL
|b BRACUL
|c GEN
|d 2009-08-31
|g 0.00
|l 5
|m 12
|o 515 ZAI
|p 3010014624
|r 2024-06-04
|s 2024-06-02
|t 1
|w 2009-08-31
|y BK
|x No price found in the accession register.
|